000 005540000a22001930004500
001 002083
003 MACL
005 20151025123854.0
008 151025b xxu||||| |||| 00| 0 eng d
040 _aMACL
_cMACL
041 _aEnglish
082 _a923.2/DAS
100 _aDas, Hari Hara
_9486
245 _aNetaji Subhas Chandra Bose In Historical Perspective
_bThe Great War For Political Emancipation
_cHari Hara Das
260 _aNew Delhi
_c2000
_bNational Publishing House,
350 _a500
650 _aBiography
_916654
942 _k923
_cBK
_2ddc
999 _c13999
_d13999